| 000 | 01197nam a22002295i 4500 | ||
|---|---|---|---|
| 001 | 164100 | ||
| 003 | ES-MaACL | ||
| 005 | 20250907063126.0 | ||
| 008 | 960507s1881 sp |||| | spa d | ||
| 040 |
_aCYL _bspa _cCYL |
||
| 100 | 1 |
_aRubio y Galí, Federico, _d1827-1902 _9132149 |
|
| 245 | 1 | 0 |
_aReseña del primer ejercicio del Instituto de terapéutica operatoria del Hospital de la Princesa / _cpor el Dr. Federico Rubio y Gali. |
| 260 |
_aMadrid : _b[s.n.], _c1881 ( _fImprenta de Enrique Teodoro) |
||
| 300 |
_a[2], 220 p. ; _c20 cm. |
||
| 505 | 8 | _aContiene además: Conferencias dadas en el Instituto de terapéutica operatoria (Hospital de la Princesa) acerca de la tisis laríngea, por el Doctor Ariza, p. 137-196 | |
| 610 | 2 | 4 |
_aHospital de la Princesa (Madrid). _bInstituto de Terapéutica Operatoria. _9139310 |
| 650 | 0 | 4 |
_aTerapéutica quirúrgica. _917480 |
| 700 | 0 |
_aAriza y Espejo, Rafael. _922875 |
|
| 852 |
_aES-MaACL _jG-13018 _z-- Enc. hol. conservando la cub. original _x-- Edic.:[4], 225 p. |
||
| 856 |
_uhttp://bibliotecadigitalhispanica.bne.es:80/webclient/DeliveryManager?pid=1832069&custom_att_2=simple_viewer _zIr a la página |
||
| 999 |
_c164100 _d164100 |
||